000 00453nam a2200181Ia 4500
003 GCL
008 140319s9999 xx 000 0 eng d
040 _aGCL /
_cGCL
082 0 4 _a748.9
_bBS
100 1 _aBIER, BARRY
245 1 0 _aTHE ART OF STAINED GLASS /
_cBIER, BARRY
260 _a[S.N] :
_bNEW HOLLAND PUBLISHERS LTD ،
_c1992
300 _a96 P
650 0 4 _aART, GLASS
650 0 4 _aPAINTING - GLASS
650 0 4 _aGLASS
942 _2ddc
_cBK
999 _c20678
_d20678